BAILEY & LOVE'S SHORT PRACTICE OF SURGERY (Record no. 10537)

MARC details
000 -LEADER
fixed length control field 00304nam a22001337a 4500
003 - CONTROL NUMBER IDENTIFIER
control field SGT
082 ## - DEWEY DECIMAL CLASSIFICATION NUMBER
Classification number 617
Item number B13W
100 ## - MAIN ENTRY--PERSONAL NAME
Personal name WILLIAMS. NORMAN S.
245 ## - TITLE STATEMENT
Title BAILEY & LOVE'S SHORT PRACTICE OF SURGERY
260 ## - PUBLICATION, DISTRIBUTION, ETC. (IMPRINT)
Place of publication, distribution, etc NEW YORK
Name of publisher, distributor, etc CRC
Year of Publication 2013
300 ## - PAGE DESCRIPTION
No. of Pages 2013
650 ## - SUBJECT ADDED ENTRY--TOPICAL TERM
Topical term or geographic name as entry element SURGERY
942 ## - ADDED ENTRY ELEMENTS (KOHA)
Source of classification or shelving scheme Dewey Decimal Classification
Koha item type Books
942 ## - ADDED ENTRY ELEMENTS (KOHA)
-- 12
Holdings
Withdrawn status Lost status Source of classification or shelving scheme Damaged status Not for loan Collection code Home library Current library Shelving location Date acquired Vendor Name SGTU Bill Number Total Checkouts Full call number Accession No. (Barcode) Date last seen Date last borrowed Bill Date Koha item type
    Dewey Decimal Classification     MEDICAL SGT Medical Library SGT Medical Library Reference Book 20/01/2017 ABC SGTU 6436 10 617 B13W FM7874 21/05/2025 06/05/2025 02/01/2015 Books
    Dewey Decimal Classification     MEDICAL SGT Medical Library SGT Medical Library Reference Book 20/01/2017 ABC SGTU 6436 3 617 B13W FM7875 26/05/2022 09/05/2022 02/01/2015 Books